| 000 | 01045nam a2200289 a 4500 | ||
|---|---|---|---|
| 003 | OSt | ||
| 005 | 20161220103654.0 | ||
| 008 | 090429s2016 ag a 001 0 spa c | ||
| 020 | _a978-84-16353-48-4 | ||
| 040 | _cBMC | ||
| 082 | _a612.64 | ||
| 100 | 1 |
_94345 _aLangman, Jan |
|
| 245 | 1 | 0 |
_aEmbriología médica _cT.W. Sadler ; ilustraciones, Susan L. Sadler-Redmond ; micrografías por barrido electrónicas, Kathy Tosney; imágenes por ultrasonografía, Jan Byrne y Hytham Imseis |
| 250 | _a13ª ed | ||
| 260 |
_aBarcelona _bWolters Kluwer _c2016 |
||
| 300 |
_aX, 386 p. _bil. col. _c21 cm |
||
| 505 | _aPrecede al tít.: Langman | ||
| 594 | _1Traducción de: Langman's medical embryology, 8th ed. | ||
| 650 | 2 | 4 |
_aEmbriología humana _94344 |
| 700 | 1 |
_aSadler, Thomas W. _94318 |
|
| 700 | 1 |
_aSadler-Redmond, Susan L. _923759 |
|
| 700 | 1 |
_aTosney, Kathryn _940657 |
|
| 700 | 1 |
_aByrne, Jan _940658 |
|
| 700 | 1 |
_aImseis, Hytham _940659 |
|
| 740 | 0 | _aLangman embriología médica : con orientación médica | |
| 942 |
_2ddc _cBK |
||
| 999 |
_c26807 _d26807 |
||